Football Teams Matt Jarvis Played For - Statistics

General Stats
  • This quiz has been taken 5 times
  • The average score is 4 of 7
Answer Stats
Team % Correct
England
100%
Norwich City
75%
West Ham United
75%
Gillingham
50%
Walsall
50%
Wolverhampton Wanderers
50%
Woking
25%
No matching quizzes found
Score Distribution
Percent of People with Each Score
Percentile by Number Answered
Your Score History
You have not taken this quiz